Biometrics : (Record no. 18765)
[ view plain ]
| 000 -LEADER | |
|---|---|
| fixed length control field | 01396cam a22003374a 4500 |
| 005 - DATE AND TIME OF LATEST TRANSACTION | |
| control field | 20230616112438.0 |
| 008 - FIXED-LENGTH DATA ELEMENTS--GENERAL INFORMATION | |
| fixed length control field | 011213s2002 nyua 001 0 eng |
| 010 ## - LIBRARY OF CONGRESS CONTROL NUMBER | |
| LC control number | 2001008244 |
| 020 ## - INTERNATIONAL STANDARD BOOK NUMBER | |
| ISBN | 0471099457 (pbk. : acidfree paper) |
| 040 ## - CATALOGING SOURCE | |
| Original cataloging agency | DLC |
| Transcribing agency | DLC |
| Modifying agency | DLC |
| 042 ## - AUTHENTICATION CODE | |
| Authentication code | pcc |
| 082 00 - DEWEY DECIMAL CLASSIFICATION NUMBER | |
| Classification number | 363.23 |
| Edition number | 21 |
| Item number | NAN-B |
| 100 1# - MAIN ENTRY--AUTHOR | |
| Author Name | Nanavati, Samir. |
| 245 10 - TITLE STATEMENT | |
| Title | Biometrics : |
| Remainder of title | identity verification in a networked world / |
| Statement of responsibility, etc. | Samir Nanavati, Michael Thieme, Raj Nanavati. |
| 260 ## - PUBLICATION, DISTRIBUTION, ETC. | |
| Place of Publication | New York : |
| Name of publisher, distributor, etc. | John Wiley & Sons, |
| Date of publication, distribution, etc. | c2002. |
| 300 ## - PHYSICAL DESCRIPTION | |
| Pages | xx, 300 p. : |
| 500 ## - GENERAL NOTE | |
| General note | "Wiley computer publishing." |
| 500 ## - GENERAL NOTE | |
| General note | Includes index. |
| 650 #0 - SUBJECT ADDED ENTRY--TOPICAL TERM | |
| Subject / Department | Biometric identification. |
| 650 #0 - SUBJECT ADDED ENTRY--TOPICAL TERM | |
| Subject / Department | Identification |
| General subdivision | Automation. |
| 650 #0 - SUBJECT ADDED ENTRY--TOPICAL TERM | |
| Subject / Department | Pattern recognition systems. |
| 650 #0 - SUBJECT ADDED ENTRY--TOPICAL TERM | |
| Subject / Department | Computer networks |
| General subdivision | Access control. |
| 700 1# - ADDED ENTRY--PERSONAL NAME | |
| Personal name | Thieme, Michael. |
| 700 1# - ADDED ENTRY--PERSONAL NAME | |
| Personal name | Nanavati, Raj. |
| 300 ## - PHYSICAL DESCRIPTION | |
| -- | ill. ; |
| -- | 24 cm. |
| 856 42 - | |
| -- | Contributor biographical information |
| -- | http://www.loc.gov/catdir/bios/wiley043/2001008244.html |
| 856 42 - | |
| -- | Publisher description |
| -- | http://www.loc.gov/catdir/description/wiley036/2001008244.html |
| 856 41 - | |
| -- | Table of contents |
| -- | http://www.loc.gov/catdir/toc/wiley021/2001008244.html |
| 906 ## - LOCAL DATA ELEMENT F, LDF (RLIN) | |
| a | 7 |
| b | cbc |
| c | orignew |
| d | 1 |
| e | ecip |
| f | 20 |
| g | y-gencatlg |
| 952 ## - LOCATION AND ITEM INFORMATION (KOHA) | |
| -- | 0 |
| -- | 0 |
| Lost status | Damaged status | Collection code | Permanent Location | Current Location | Shelving Location | Date acquired | Full Call Number | Accession No./Barcode | Date last seen | item type | Koha item type |
|---|---|---|---|---|---|---|---|---|---|---|---|
| CS/IT | Superior Information Resource Center (SIRC) Superior University- Gold Campus | Superior Information Resource Center (SIRC) Superior University- Gold Campus | Computer Science | 06/16/2023 | 363.23 NAN-B 2002 | 19350 | 06/16/2023 | BOOK | BOOK |
